[Event "I. CLANSKA LIGA ZAHOD 2025"]
[Site "Komenda"]
[Date "2025.09.28"]
[Round "3.3"]
[White "Srebrnic, Vojko"]
[Black "Zuzek, Bor"]
[Result "1/2-1/2"]
[WhiteElo "1964"]
[BlackElo "2073"]
[PlyCount "99"]
[EventDate "2025.09.26"]
[WhiteTeam "TAJFUN - SK LJUBLJANA"]
[BlackTeam "SK KOCEVJE"]

1. Nf3 c5 2. c4 g6 3. d4 cxd4 4. Nxd4 Nf6 5. Nc3 Bg7 6. e4 d6 7. Be2 Nc6 8. Be3
O-O 9. Qd2 Nxd4 10. Bxd4 Nd7 11. O-O a5 12. b3 Nc5 13. Rfd1 Bd7 14. Bxc5 dxc5
15. Qxd7 Bxc3 16. Qxd8 Raxd8 17. Rxd8 Rxd8 18. Rd1 Bd4 19. a4 Kg7 20. g3 Kf6
21. Kg2 Ke5 22. Bd3 g5 23. Bc2 Rd6 24. Rd3 g4 25. f4+ gxf3+ 26. Rxf3 Rf6 27.
Rf5+ Rxf5 28. exf5 f6 29. Kf3 Bg1 30. h4 Kd4 31. Be4 Kc3 32. Bxb7 Kxb3 33. Bc6
Kxc4 34. g4 h6 35. Ke2 Kc3 36. Bd5 Kb4 37. Bc6 Kb3 38. Kd2 Bf2 39. h5 c4 40.
Bd5 Kb4 41. Bc6 Kc5 42. Bb5 Kd5 43. Ba6 Bg3 44. Bb7+ Kc5 45. Ba6 Kd4 46. Kc2
Ke3 47. Bxc4 Kf3 48. Bf7 Kxg4 49. Bg6 e5 50. fxe6 1/2-1/2

[Event "I. CLANSKA LIGA ZAHOD 2025"]
[Site "Komenda"]
[Date "2025.09.28"]
[Round "3.3"]
[White "Mestek, Igor"]
[Black "Levacic, Matic"]
[Result "1-0"]
[WhiteElo "2032"]
[BlackElo "1875"]
[PlyCount "103"]
[EventDate "2025.09.26"]
[WhiteTeam "SK KOCEVJE"]
[BlackTeam "TAJFUN - SK LJUBLJANA"]

1. e4 e6 2. Nc3 d5 3. Nf3 c5 4. exd5 exd5 5. d4 Nf6 6. Bb5+ Bd7 7. O-O a6 8.
Re1+ Be7 9. Bxd7+ Nbxd7 10. dxc5 Nxc5 11. Nd4 O-O 12. Bg5 Nce4 13. Nxe4 dxe4
14. Nf5 Bc5 15. Qxd8 Rfxd8 16. Bxf6 gxf6 17. Rad1 h5 18. Kf1 Kh7 19. Ng3 e3 20.
fxe3 Rxd1 21. Rxd1 Bxe3 22. Nxh5 Kg6 23. Ng3 Bf4 24. Rd3 f5 25. Rf3 Bc1 26.
Nxf5 Bxb2 27. Ne7+ Kg7 28. Rb3 Be5 29. Rxb7 Bxh2 30. Ke2 Rd8 31. c4 Bg1 32. a4
Bc5 33. Nd5 Re8+ 34. Kf3 Re1 35. Rc7 Ba3 36. a5 Rc1 37. Rc6 Bb2 38. Ne3 Rc3 39.
Ke4 Bc1 40. Nf5+ Kg8 41. g4 Bd2 42. Rxa6 Ra3 43. Ra8+ Kh7 44. a6 Bb4 45. Rb8
Bc5 46. Rc8 Bf2 47. Rc6 Ra5 48. Rf6 Kg8 49. g5 Ba7 50. Nh6+ Kg7 51. Rxf7+ Kh8
52. g6 1-0

[Event "I. CLANSKA LIGA ZAHOD 2025"]
[Site "Komenda"]
[Date "2025.09.28"]
[Round "3.3"]
[White "Jaksa, Ema"]
[Black "Mihic, Adam"]
[Result "0-1"]
[WhiteElo "1825"]
[BlackElo "1864"]
[PlyCount "68"]
[EventDate "2025.09.26"]
[WhiteTeam "TAJFUN - SK LJUBLJANA"]
[BlackTeam "SK KOCEVJE"]

1. e4 e6 2. d4 d5 3. e5 Bd7 4. Be2 a6 5. a4 c5 6. c3 cxd4 7. cxd4 Nc6 8. Nf3
Nge7 9. Na3 Nf5 10. Nc2 Be7 11. Bd2 O-O 12. O-O Qb6 13. Bc3 Rac8 14. Bd3 Na5
15. Ne3 Nxe3 16. fxe3 Nc4 17. Qe2 f5 18. exf6 Bxf6 19. Nd2 Nxd2 20. Qxd2 Bg5
21. Qe2 e5 22. a5 Qh6 23. Rfe1 e4 24. Bc2 Rf6 25. Bb3 Be6 26. Bb4 Rg6 27. Kh1
Bh4 28. Qf1 Rf6 29. Qe2 Bg3 30. h3 Rf2 31. Qxf2 Bxf2 32. Re2 Bxe3 33. Bc5 Rd8
34. Rae1 Bg5 0-1

[Event "I. CLANSKA LIGA ZAHOD 2025"]
[Site "Komenda"]
[Date "2025.09.28"]
[Round "3.3"]
[White "Hlebec, Jure"]
[Black "Samotorcan, Gal"]
[Result "1-0"]
[WhiteElo "1737"]
[BlackElo "1692"]
[PlyCount "73"]
[EventDate "2025.09.26"]
[WhiteTeam "SK KOCEVJE"]
[BlackTeam "TAJFUN - SK LJUBLJANA"]

1. d4 d5 2. Nc3 Nf6 3. Bf4 a6 4. e3 Bf5 5. Nf3 e6 6. Ne5 Bd6 7. g4 Bxe5 8. dxe5
Nxg4 9. f3 Nh6 10. e4 dxe4 11. Qxd8+ Kxd8 12. O-O-O+ Kc8 13. fxe4 Bg6 14. Rg1
Nc6 15. Be2 Ng8 16. h4 h5 17. a3 Nge7 18. Bc4 Rd8 19. Bg5 Rd7 20. Rgf1 Nxe5 21.
Bxe6 Kd8 22. Bxd7 Nxd7 23. Rd2 Ke8 24. Bxe7 Kxe7 25. Nd5+ Kd8 26. Rfd1 Bxe4 27.
Nxc7 Kxc7 28. Rxd7+ Kb6 29. Rxf7 Rc8 30. c3 g6 31. Rd6+ Kc5 32. Rff6 Bf5 33.
b4+ Kc4 34. Kb2 Re8 35. Rd4+ Kb5 36. Kb3 Re7 37. Rdd6 1-0

[Event "I. CLANSKA LIGA ZAHOD 2025"]
[Site "Komenda"]
[Date "2025.09.28"]
[Round "3.4"]
[White "Plaskan, Jure"]
[Black "Krupenko, Peter"]
[Result "1-0"]
[WhiteElo "2215"]
[BlackElo "1968"]
[PlyCount "63"]
[EventDate "2025.09.26"]
[WhiteTeam "SD DOMZALE"]
[BlackTeam "SK TRZIN"]

1. e4 e5 2. Nf3 Nf6 3. Nxe5 d6 4. Nf3 Nxe4 5. c4 Be7 6. d4 d5 7. Nc3 Nxc3 8.
bxc3 O-O 9. Bd3 dxc4 10. Bxc4 Nd7 11. O-O Nf6 12. Ne5 c6 13. Qb3 Nd5 14. Bd3
Bd6 15. c4 Nf6 16. Bb2 Qc7 17. Rae1 Be6 18. Qc2 h6 19. f4 Rad8 20. Qf2 Bb4 21.
Re3 Qa5 22. a3 Bd2 23. Rg3 Kh8 24. Bb1 Nh5 25. Rf3 Nxf4 26. Rxf4 Bxf4 27. Qxf4
Rfe8 28. d5 Qb6+ 29. Bd4 c5 30. Qxh6+ gxh6 31. Nxf7+ Kg8 32. Nxh6# 1-0

[Event "I. CLANSKA LIGA ZAHOD 2025"]
[Site "Komenda"]
[Date "2025.09.28"]
[Round "3.4"]
[White "Jakob, Matthias"]
[Black "Keber, Aljosa"]
[Result "1/2-1/2"]
[WhiteElo "1996"]
[BlackElo "2102"]
[PlyCount "90"]
[EventDate "2025.09.26"]
[WhiteTeam "SK TRZIN"]
[BlackTeam "SD DOMZALE"]

1. e4 c6 2. d4 d5 3. exd5 cxd5 4. Bd3 Nc6 5. c3 Qc7 6. Na3 a6 7. Nc2 Nf6 8. h3
e5 9. dxe5 Nxe5 10. Nf3 Nxd3+ 11. Qxd3 Be6 12. O-O Bd6 13. Bg5 Ne4 14. Ncd4 h6
15. Bd2 O-O 16. Rae1 Bd7 17. Nh4 Rfe8 18. Nhf5 Bc5 19. Re2 Rad8 20. Rfe1 Qc8
21. g4 Qc7 22. Kg2 Ba7 23. f3 Nxd2 24. Qxd2 Rxe2+ 25. Rxe2 Qb6 26. Qf4 Bxf5 27.
Qxf5 Qd6 28. Qe5 Qxe5 29. Rxe5 Bxd4 30. cxd4 Rc8 31. Re2 Rc4 32. Rd2 Rc1 33. h4
b5 34. h5 Kf8 35. Kg3 Ke7 36. Kf4 Kd6 37. Ke3 a5 38. Kf4 b4 39. b3 Rc3 40. Kg3
Kc6 41. Kf4 Kd6 42. Kg3 Rc1 43. Kf4 Rc7 44. Kf5 Rc1 45. f4 Rc3 1/2-1/2

[Event "I. CLANSKA LIGA ZAHOD 2025"]
[Site "Komenda"]
[Date "2025.09.28"]
[Round "3.4"]
[White "Debevec, Blaz"]
[Black "Porenta, Matija"]
[Result "1-0"]
[WhiteElo "2133"]
[BlackElo "1831"]
[PlyCount "87"]
[EventDate "2025.09.26"]
[WhiteTeam "SD DOMZALE"]
[BlackTeam "SK TRZIN"]

1. e4 c5 2. Nf3 d6 3. d4 cxd4 4. Nxd4 Nf6 5. f3 a6 6. c4 Nc6 7. Be3 e6 8. Nc3
Be7 9. Qd2 Qc7 10. Be2 Bd7 11. O-O Nxd4 12. Bxd4 O-O 13. Kh1 Bc6 14. Rfd1 Rfd8
15. Bf1 Nd7 16. Rac1 Bf6 17. Be3 Ne5 18. Qf2 Qe7 19. Rc2 Qe8 20. Rcd2 Be7 21.
Bb6 Rdc8 22. Be2 Nd7 23. Be3 Nf6 24. Bf4 e5 25. Be3 b5 26. b3 b4 27. Nd5 Bxd5
28. cxd5 Rc3 29. Bc4 a5 30. Rb2 Rc8 31. Bd2 R3xc4 32. bxc4 Rxc4 33. Rc1 Qc8 34.
Qf1 Rc5 35. Be3 Rc3 36. Rxc3 Qxc3 37. Qc1 Qd3 38. Rc2 h5 39. Rc7 Bf8 40. Ra7 a4
41. h3 h4 42. Bg5 b3 43. axb3 Qxb3 44. Bxf6 1-0

[Event "I. CLANSKA LIGA ZAHOD 2025"]
[Site "Komenda"]
[Date "2025.09.28"]
[Round "3.4"]
[White "Bajec, Borut"]
[Black "Markosek, Bine"]
[Result "0-1"]
[WhiteElo "1727"]
[BlackElo "2020"]
[PlyCount "102"]
[EventDate "2025.09.26"]
[WhiteTeam "SK TRZIN"]
[BlackTeam "SD DOMZALE"]

1. d4 d5 2. Nf3 Nf6 3. c4 e6 4. Nc3 Be7 5. e3 O-O 6. Bd3 b6 7. O-O Bb7 8. b3
Nbd7 9. Bb2 c5 10. cxd5 exd5 11. Rc1 Ne4 12. Nd2 Nxc3 13. Bxc3 f5 14. Qh5 g6
15. Qh6 Bg5 16. Qh3 Bf6 17. Nf3 Rc8 18. Qg3 Bg7 19. h4 Nf6 20. Ng5 Qd7 21. Bb2
Nh5 22. Qh3 cxd4 23. Bxd4 Bxd4 24. exd4 h6 25. Qe3 hxg5 26. Qxg5 Qd6 27. Be2
Nf4 28. Bf3 Ba6 29. Rxc8 Rxc8 30. Re1 Bd3 31. h5 Be4 32. hxg6 Bxf3 33. Qxf5
Ne2+ 34. Kf1 Rf8 35. Qg5 Qh2 36. gxf3 Qh1+ 37. Kxe2 Re8+ 38. Kd3 Qxe1 39. Qxd5+
Qe6 40. Qh5 Qe2+ 41. Kc3 Rc8+ 42. Kb4 Qd2+ 43. Ka3 Qc1+ 44. Ka4 Qc6+ 45. Ka3
Qd6+ 46. Ka4 Qxd4+ 47. b4 Qd1+ 48. Kb5 Qd3+ 49. Ka4 Qc2+ 50. Kb5 Qc6+ 51. Ka6
b5+ 0-1

[Event "I. CLANSKA LIGA ZAHOD 2025"]
[Site "Komenda"]
[Date "2025.09.28"]
[Round "3.4"]
[White "Zmaucar, Miha"]
[Black "Markic, Vladimir"]
[Result "1-0"]
[WhiteElo "1973"]
[BlackElo "1753"]
[PlyCount "73"]
[EventDate "2025.09.26"]
[WhiteTeam "SD DOMZALE"]
[BlackTeam "SK TRZIN"]

1. d4 d5 2. c4 e6 3. Nf3 c6 4. Qc2 Nf6 5. Bg5 Be7 6. Nbd2 O-O 7. e3 Nbd7 8. Bd3
h6 9. Bh4 dxc4 10. Nxc4 Nb6 11. O-O Nxc4 12. Bxc4 Nh5 13. Bg3 Nxg3 14. hxg3 Bf6
15. Qe4 Bd7 16. Ne5 Bxe5 17. dxe5 Qe7 18. Rfd1 Rfd8 19. Rd6 Be8 20. Rad1 Rxd6
21. Rxd6 Rd8 22. Qd4 Ra8 23. Bd3 g6 24. Kh2 Kg7 25. a4 b6 26. Ba6 c5 27. Qd1
Rb8 28. f4 h5 29. Bb5 Bxb5 30. axb5 Rb7 31. Qf3 Rc7 32. e4 f5 33. exf5 exf5 34.
Qd5 h4 35. e6 hxg3+ 36. Kxg3 Rb7 37. Qxb7 1-0

[Event "I. CLANSKA LIGA ZAHOD 2025"]
[Site "Komenda"]
[Date "2025.09.28"]
[Round "3.4"]
[White "Konvalinka, Kostja"]
[Black "Skube, Zan"]
[Result "1/2-1/2"]
[WhiteElo "1704"]
[BlackElo "1835"]
[PlyCount "65"]
[EventDate "2025.09.26"]
[WhiteTeam "SK TRZIN"]
[BlackTeam "SD DOMZALE"]

1. e4 c6 2. d4 d5 3. Nc3 dxe4 4. Nxe4 Bf5 5. Ng3 Bg6 6. h4 h6 7. Nf3 Nd7 8. Bd3
Bxd3 9. Qxd3 e6 10. Bf4 Qa5+ 11. c3 Ngf6 12. O-O Be7 13. Rfe1 Nh5 14. Be5 Nxg3
15. Bxg3 O-O 16. Ne5 Rad8 17. Nxd7 Rxd7 18. Re5 Qd8 19. h5 c5 20. Re4 Bf6 21.
Be5 Bxe5 22. Rxe5 cxd4 23. Rd1 Qc7 24. cxd4 Rfd8 25. Qc3 Qxe5 26. dxe5 Rxd1+
27. Kh2 R1d2 28. Qc7 R8d7 29. Qc3 b6 30. Qc6 R7d5 31. Qe8+ Kh7 32. Qxf7 Rxe5
33. Qg6+ 1/2-1/2

[Event "I. CLANSKA LIGA ZAHOD 2025"]
[Site "Komenda"]
[Date "2025.09.28"]
[Round "3.5"]
[White "Doric, Darko"]
[Black "Lucovnik, Tilen"]
[Result "1-0"]
[WhiteElo "2444"]
[BlackElo "2154"]
[PlyCount "83"]
[EventDate "2025.09.26"]
[WhiteTeam "SK NOVA GORICA"]
[BlackTeam "SK KOMENDA"]

1. d4 d5 2. Nf3 Nf6 3. e3 c5 4. Be2 Nc6 5. O-O e6 6. a3 Be7 7. dxc5 Bxc5 8. b4
Bd6 9. Bb2 O-O 10. Nbd2 a5 11. b5 Nb8 12. c4 Nbd7 13. Qc2 Qc7 14. Rac1 b6 15.
Qb1 dxc4 16. Nxc4 Bc5 17. Nce5 Bb7 18. Nxd7 Qxd7 19. Ng5 Qd5 20. Bf3 Qxg5 21.
Bxb7 Rad8 22. Rfd1 h5 23. h3 h4 24. Bc6 Nd5 25. Kh1 Kh8 26. Qe4 Nf6 27. Qf3 Kg8
28. Ra1 Nh5 29. Qe2 Bd6 30. Rd4 f5 31. Bf3 Ng3+ 32. fxg3 Qxg3 33. Rxd6 Rxd6 34.
e4 e5 35. Bc3 Rdf6 36. Be1 Qf4 37. exf5 Rxf5 38. Bd5+ Kh8 39. Be4 R5f6 40. Bd2
Qg3 41. Qh5+ Kg8 42. Bh7+ 1-0

[Event "I. CLANSKA LIGA ZAHOD 2025"]
[Site "Komenda"]
[Date "2025.09.28"]
[Round "3.5"]
[White "Kragelj, Igor"]
[Black "Herega, Nejc"]
[Result "0-1"]
[WhiteElo "2122"]
[BlackElo "2259"]
[PlyCount "74"]
[EventDate "2025.09.26"]
[WhiteTeam "SK KOMENDA"]
[BlackTeam "SK NOVA GORICA"]

1. d4 d5 2. c4 e6 3. Nf3 c5 4. cxd5 exd5 5. g3 Nc6 6. Bg2 Nf6 7. O-O c4 8. b3
cxb3 9. Qxb3 Be7 10. Ba3 O-O 11. Bxe7 Qxe7 12. Nc3 Be6 13. Rfc1 Rfc8 14. e3 Na5
15. Qb2 Rab8 16. a4 Nc4 17. Qa2 Ne4 18. Qb3 Qf6 19. Nxe4 dxe4 20. Ne1 Qg6 21.
Qb4 Bd5 22. Bf1 Qe6 23. Ng2 g5 24. Rc2 b6 25. Rac1 Nd6 26. Ne1 Qd7 27. Be2 Rxc2
28. Rxc2 Rc8 29. Rxc8+ Nxc8 30. Qc3 Qc6 31. Qxc6 Bxc6 32. Bd1 Ne7 33. Bb3 Nd5
34. Nc2 Nc3 35. a5 bxa5 36. Kf1 Bb5+ 37. Ke1 a4 0-1

[Event "I. CLANSKA LIGA ZAHOD 2025"]
[Site "Komenda"]
[Date "2025.09.28"]
[Round "3.5"]
[White "Zamar Kodelja, Jurij"]
[Black "Zidar, Jernej"]
[Result "1-0"]
[WhiteElo "2232"]
[BlackElo "2036"]
[PlyCount "45"]
[EventDate "2025.09.26"]
[WhiteTeam "SK NOVA GORICA"]
[BlackTeam "SK KOMENDA"]

1. Nf3 d5 2. d3 Nf6 3. g3 Bf5 4. Bg2 e6 5. O-O Be7 6. c4 c6 7. Be3 Nbd7 8. cxd5
cxd5 9. Qb3 Nb6 10. a4 O-O 11. a5 Nbd7 12. Rc1 e5 13. d4 e4 14. Ne5 Bd6 15.
Nxd7 Qxd7 16. Nc3 Qe6 17. Bg5 Rfd8 18. e3 Be7 19. Bxf6 gxf6 20. Qxb7 a6 21.
Nxd5 Qxd5 22. Qxe7 Rab8 23. Rc5 1-0

[Event "I. CLANSKA LIGA ZAHOD 2025"]
[Site "Komenda"]
[Date "2025.09.28"]
[Round "3.5"]
[White "Ogradi, Gregor"]
[Black "Sundac, Ivano"]
[Result "0-1"]
[WhiteElo "1959"]
[BlackElo "2236"]
[PlyCount "104"]
[EventDate "2025.09.26"]
[WhiteTeam "SK KOMENDA"]
[BlackTeam "SK NOVA GORICA"]

1. e4 c5 2. Nf3 d6 3. Bb5+ Nd7 4. c3 Ngf6 5. Qe2 a6 6. Ba4 b5 7. Bc2 Bb7 8. d4
e6 9. O-O Be7 10. Re1 Qc7 11. h3 h6 12. Bd3 e5 13. d5 Rb8 14. Nbd2 g5 15. Nh2
Nf8 16. Ng4 Ng6 17. g3 Bc8 18. Nxf6+ Bxf6 19. Kh2 h5 20. Qf3 Qe7 21. Bf1 g4 22.
Qe2 h4 23. Bg2 Bd7 24. Rh1 gxh3 25. Bf3 Kf8 26. Bg4 Kg7 27. Nf1 Qd8 28. Bxd7
Qxd7 29. Ne3 a5 30. Rg1 Kf8 31. Ng4 Bg7 32. Bd2 Ke8 33. Bg5 f5 34. Ne3 fxe4 35.
Qc2 Qf7 36. Raf1 Rh5 37. gxh4 Nxh4 38. Bxh4 Rxh4 39. a4 Bh6 40. Rg3 b4 41. Ng4
Bf4 42. Qe2 bxc3 43. bxc3 Ke7 44. Kh1 Rf8 45. Rgg1 Rg8 46. Rb1 Qxd5 47. Rgd1
Qa8 48. Ne3 Bxe3 49. fxe3 h2 50. Qb5 Rg1+ 51. Rxg1 hxg1=Q+ 52. Kxg1 Qg8+ 0-1

[Event "I. CLANSKA LIGA ZAHOD 2025"]
[Site "Komenda"]
[Date "2025.09.28"]
[Round "3.5"]
[White "Markocic, Tine"]
[Black "Macek, Inti"]
[Result "1-0"]
[WhiteElo "2110"]
[BlackElo "1920"]
[PlyCount "101"]
[EventDate "2025.09.26"]
[WhiteTeam "SK NOVA GORICA"]
[BlackTeam "SK KOMENDA"]

1. c4 e5 2. Nc3 Nc6 3. Nf3 f5 4. d4 e4 5. Nd2 d6 6. Ndb1 Nf6 7. Bg5 Be7 8. e3
O-O 9. h4 Ng4 10. Bxe7 Nxe7 11. Ne2 Be6 12. Nf4 Bf7 13. Be2 Nf6 14. Nc3 d5 15.
c5 c6 16. b4 Ng6 17. Nxg6 Bxg6 18. h5 Bf7 19. g3 h6 20. Kf1 Be6 21. Kg2 Ng4 22.
Bxg4 fxg4 23. Ne2 Qf6 24. Nf4 Bf5 25. a4 a5 26. b5 Rfb8 27. Rb1 Qf7 28. Qd2 Qc7
29. Rb2 Re8 30. bxc6 bxc6 31. Rhb1 Bc8 32. Rb6 Kh7 33. Ng6 Ra7 34. Kg1 Bf5 35.
Nf4 Bd7 36. Qb2 Rea8 37. Qd2 Qc8 38. R1b3 Rc7 39. Qb2 Qe8 40. Rb7 Rxb7 41. Rxb7
Bc8 42. Rb8 Rxb8 43. Qxb8 Kg8 44. Qc7 Ba6 45. Ng6 Be2 46. Qxa5 Qb8 47. Qb6 Qa8
48. a5 Kh7 49. Qc7 Bf3 50. Nf4 Qa6 51. Ne6 1-0

[Event "I. CLANSKA LIGA ZAHOD 2025"]
[Site "Komenda"]
[Date "2025.09.28"]
[Round "3.5"]
[White "Babarovic, Fran"]
[Black "Zagorsek, Nejc"]
[Result "1-0"]
[WhiteElo "1901"]
[BlackElo "1851"]
[PlyCount "77"]
[EventDate "2025.09.26"]
[WhiteTeam "SK KOMENDA"]
[BlackTeam "SK NOVA GORICA"]

1. e4 Nf6 2. Nc3 d5 3. exd5 Nxd5 4. d4 Nxc3 5. bxc3 g6 6. Nf3 Bg7 7. Be3 O-O 8.
Qd2 c5 9. Be2 Nc6 10. O-O Bg4 11. Rab1 Qc8 12. h3 Bf5 13. d5 Na5 14. c4 b6 15.
Bh6 Re8 16. Bxg7 Kxg7 17. Qc3+ Kg8 18. Ne5 Qc7 19. Bg4 e6 20. Rfe1 f6 21. Bxf5
exf5 22. Nd3 Kf7 23. g3 g5 24. Kg2 Qd7 25. Nxc5 Qc7 26. Ne6 Qxc4 27. Qf3 Kg6
28. c3 Rac8 29. Nd4 f4 30. gxf4 Rcd8 31. Rxe8 Rxe8 32. fxg5 fxg5 33. Qf5+ Kg7
34. Qxg5+ Kf7 35. Qf5+ Kg8 36. Kh1 Re7 37. Rg1+ Rg7 38. Rxg7+ Kxg7 39. Ne6+ 1-0

[Event "I. CLANSKA LIGA ZAHOD 2025"]
[Site "Komenda"]
[Date "2025.10.10"]
[Round "4.1"]
[White "Skoberne, Jure"]
[Black "Lucovnik, Tilen"]
[Result "1-0"]
[WhiteElo "2546"]
[BlackElo "2154"]
[PlyCount "59"]
[EventDate "2025.09.26"]
[WhiteTeam "SD POSOCJE"]
[BlackTeam "SK KOMENDA"]

1. g3 d5 2. Bg2 Nf6 3. c4 c6 4. Nf3 Nbd7 5. O-O e5 6. cxd5 Nxd5 7. d4 exd4 8.
Nxd4 N7f6 9. e4 Nb6 10. e5 Nfd5 11. b3 Be7 12. Bb2 O-O 13. Nd2 f6 14. e6 c5 15.
Nf5 Bxe6 16. Qg4 Bxf5 17. Qxf5 Kh8 18. Be4 g6 19. Qh3 Kg7 20. Nf3 Qc8 21. Qh4
Kg8 22. Rad1 Nb4 23. Ne5 Qe8 24. Ng4 Nd7 25. Nh6+ Kh8 26. Nf5 Rf7 27. Nxe7 Rxe7
28. Bxb7 Rb8 29. Bf3 Nxa2 30. Bc6 1-0

[Event "I. CLANSKA LIGA ZAHOD 2025"]
[Site "Komenda"]
[Date "2025.10.10"]
[Round "4.1"]
[White "Ogradi, Gregor"]
[Black "Jovanovic, Zoran"]
[Result "0-1"]
[WhiteElo "1959"]
[BlackElo "2500"]
[PlyCount "64"]
[EventDate "2025.09.26"]
[WhiteTeam "SK KOMENDA"]
[BlackTeam "SD POSOCJE"]

1. e4 d6 2. d4 Nf6 3. Nc3 e5 4. Nf3 exd4 5. Nxd4 Be7 6. g3 O-O 7. Bg2 Re8 8.
O-O c6 9. b3 a5 10. Bb2 Na6 11. Qd2 Bd7 12. Rad1 Qc7 13. Rfe1 Rad8 14. h3 b5
15. f4 b4 16. Nb1 d5 17. exd5 cxd5 18. Kh2 Nc5 19. Qf2 Nce4 20. Qf3 h5 21. Nd2
h4 22. gxh4 Bd6 23. Nf1 Bxf4+ 24. Kh1 Nc3 25. Bxc3 bxc3 26. Ne3 Qe5 27. Ng4
Qxe1+ 28. Rxe1 Rxe1+ 29. Bf1 Nxg4 30. hxg4 Be5 31. Ne2 d4 32. Kg2 d3 0-1

[Event "I. CLANSKA LIGA ZAHOD 2025"]
[Site "Komenda"]
[Date "2025.10.10"]
[Round "4.1"]
[White "Srebrnic, Marko"]
[Black "Babarovic, Fran"]
[Result "1-0"]
[WhiteElo "2331"]
[BlackElo "1901"]
[PlyCount "77"]
[EventDate "2025.09.26"]
[WhiteTeam "SD POSOCJE"]
[BlackTeam "SK KOMENDA"]

1. e4 e5 2. Nc3 Nf6 3. Bc4 Bc5 4. d3 d6 5. Na4 Nc6 6. Nxc5 dxc5 7. a3 Bg4 8. f3
Bd7 9. Bg5 h6 10. Be3 Qe7 11. Qd2 Nd4 12. c3 Ne6 13. Ne2 g5 14. b4 b6 15. Ng3
Nf4 16. bxc5 bxc5 17. Qf2 Be6 18. O-O Bxc4 19. dxc4 Qe6 20. Nf5 Qxc4 21. Rad1
Kf8 22. Bxc5+ Kg8 23. Be3 Kh7 24. Bxf4 exf4 25. Rd4 Qxc3 26. Qa2 Rhf8 27. Rc4
Qe5 28. Qc2 Ne8 29. Rc5 Qh8 30. e5 Kg8 31. Re1 Qh7 32. Ne7+ Kh8 33. Qc3 Ng7 34.
e6 fxe6 35. Rxe6 Qb1+ 36. Re1 Qb6 37. Nd5 Qd6 38. Rxc7 Qg6 39. Re6 1-0

[Event "I. CLANSKA LIGA ZAHOD 2025"]
[Site "Komenda"]
[Date "2025.10.10"]
[Round "4.1"]
[White "Perme, Martin"]
[Black "Biti, Ozren"]
[Result "1/2-1/2"]
[WhiteElo "1836"]
[BlackElo "2270"]
[PlyCount "75"]
[EventDate "2025.09.26"]
[WhiteTeam "SK KOMENDA"]
[BlackTeam "SD POSOCJE"]

1. e4 d6 2. d4 Nf6 3. Nc3 e5 4. dxe5 dxe5 5. Qxd8+ Kxd8 6. Nf3 Bd6 7. Bc4 Ke7
8. Bg5 c6 9. O-O-O Bc7 10. Rhe1 h6 11. Be3 Nbd7 12. Nh4 g6 13. f4 Ng4 14. f5
Nxe3 15. Rxe3 g5 16. Nf3 b5 17. Bf1 a6 18. g4 Nf6 19. h3 Bb7 20. Bd3 Rag8 21.
Be2 h5 22. Nh2 hxg4 23. Nxg4 Nh5 24. f6+ Ke8 25. Red3 Bc8 26. Nxe5 Nxf6 27.
Nxc6 Bf4+ 28. Kb1 Kf8 29. e5 Nh7 30. Nd5 Kg7 31. Nxf4 gxf4 32. Ne7 Re8 33. Nxc8
Rxc8 34. Rg1+ Kf8 35. Bg4 Re8 36. Rf3 Rxe5 37. Rxf4 Ke7 38. Rd1 1/2-1/2

[Event "I. CLANSKA LIGA ZAHOD 2025"]
[Site "Komenda"]
[Date "2025.10.10"]
[Round "4.1"]
[White "Beletic, Danijel"]
[Black "Cimperman, Teo"]
[Result "1-0"]
[WhiteElo "2269"]
[BlackElo "1661"]
[PlyCount "65"]
[EventDate "2025.09.26"]
[WhiteTeam "SD POSOCJE"]
[BlackTeam "SK KOMENDA"]

1. d4 Nf6 2. Nf3 d5 3. c4 c6 4. cxd5 cxd5 5. Nc3 Nc6 6. Bf4 a6 7. Rc1 Bf5 8.
Ne5 Nxe5 9. Bxe5 Rc8 10. e3 e6 11. Qb3 Qd7 12. Be2 Be7 13. O-O O-O 14. f3 Bg6
15. Na4 Rxc1 16. Rxc1 Rc8 17. Nc5 Bxc5 18. Rxc5 Rxc5 19. dxc5 Qc6 20. Bxf6 gxf6
21. Qb6 Qxb6 22. cxb6 Kf8 23. Bxa6 Ke7 24. Bxb7 Bd3 25. Bxd5 Kd6 26. b7 Kc7 27.
Bc6 Ba6 28. b4 Bxb7 29. Bxb7 Kxb7 30. a4 e5 31. e4 Kb6 32. Kf2 h5 33. h4 1-0

[Event "I. CLANSKA LIGA ZAHOD 2025"]
[Site "Komenda"]
[Date "2025.10.10"]
[Round "4.1"]
[White "Zagar, Katarina"]
[Black "Hozjan, Erik"]
[Result "0-1"]
[WhiteElo "1542"]
[BlackElo "1930"]
[PlyCount "100"]
[EventDate "2025.09.26"]
[WhiteTeam "SK KOMENDA"]
[BlackTeam "SD POSOCJE"]

1. d4 f5 2. g3 Nf6 3. Bg2 e6 4. Nh3 c5 5. e3 d5 6. Nf4 Nc6 7. h4 Bd6 8. c3 O-O
9. Nd2 cxd4 10. cxd4 Bd7 11. Nd3 Rc8 12. a3 Na5 13. Nc5 Bxc5 14. dxc5 Bb5 15.
b4 Nc4 16. Nxc4 Bxc4 17. Bb2 b6 18. cxb6 Qxb6 19. Bd4 Qa6 20. Bf1 Ne4 21. f3
Bxf1 22. Rxf1 Nxg3 23. Rg1 f4 24. Bxg7 Kxg7 25. exf4 Qc4 26. Rxg3+ Kh6 27. Rg4
Rg8 28. Qd2 Rxg4 29. fxg4 Qe4+ 30. Qe2 Rc4 31. Qxe4 Rxe4+ 32. Kf2 Rxf4+ 33. Kg3
Re4 34. Rf1 Kg6 35. g5 d4 36. Rf6+ Kg7 37. Rf3 h6 38. gxh6+ Kxh6 39. Rf4 Re3+
40. Rf3 Re1 41. Kf2 Re4 42. Rf8 e5 43. a4 d3 44. Rd8 Re2+ 45. Kf1 e4 46. Rd4
Kh5 47. a5 Kg4 48. b5 Kf3 49. b6 axb6 50. axb6 Rb2 0-1

[Event "I. CLANSKA LIGA ZAHOD 2025"]
[Site "Komenda"]
[Date "2025.10.10"]
[Round "4.2"]
[White "Jocev, Milan"]
[Black "Rusjan, Miran"]
[Result "1/2-1/2"]
[WhiteElo "2206"]
[BlackElo "2260"]
[PlyCount "81"]
[EventDate "2025.09.26"]
[WhiteTeam "SK TRZIN"]
[BlackTeam "SK NOVA GORICA"]

1. d4 f5 2. Bg5 g6 3. e4 fxe4 4. f3 Nf6 5. Nc3 e3 6. h4 d5 7. Bd3 Bg7 8. g4 Qd6
9. Nge2 Bxg4 10. fxg4 Nxg4 11. Nf4 Nf2 12. Qe2 Nxh1 13. Nb5 Qd7 14. Ne6 Bf6 15.
Nexc7+ Kf7 16. Nxa8 Na6 17. c3 Nf2 18. Qxe3 Nxd3+ 19. Qxd3 Rxa8 20. O-O-O Nc7
21. Nxc7 Qxc7 22. Rf1 Kg7 23. Qe3 Bxg5 24. hxg5 Rf8 25. Rxf8 Kxf8 26. Kc2 Qd7
27. Kb3 Qf5 28. Qg3 Kg7 29. Qe3 Kf7 30. Qg3 b6 31. Qh4 Kg7 32. Qh6+ Kg8 33. Qh4
e5 34. dxe5 Qxe5 35. Qg4 Qe7 36. Qf4 Qf7 37. Qb8+ Kg7 38. Qe5+ Kg8 39. Qb8+ Kg7
40. Qe5+ Kg8 41. Qb8+ 1/2-1/2

[Event "I. CLANSKA LIGA ZAHOD 2025"]
[Site "Komenda"]
[Date "2025.10.10"]
[Round "4.2"]
[White "Herega, Nejc"]
[Black "Krupenko, Peter"]
[Result "1-0"]
[WhiteElo "2259"]
[BlackElo "1968"]
[PlyCount "107"]
[EventDate "2025.09.26"]
[WhiteTeam "SK NOVA GORICA"]
[BlackTeam "SK TRZIN"]

1. Nf3 Nf6 2. g3 g6 3. b3 Bg7 4. Bb2 O-O 5. Bg2 d5 6. O-O c6 7. c4 Bg4 8. h3
Bxf3 9. Bxf3 e6 10. d3 a5 11. a3 Nbd7 12. Nd2 Qe7 13. Qc2 Rfc8 14. Rfe1 Ne8 15.
d4 f5 16. e3 Nef6 17. Bg2 Ne4 18. Nxe4 fxe4 19. Qe2 Qf6 20. Rf1 a4 21. f3 exf3
22. Rxf3 Qe7 23. e4 Re8 24. Re1 Qd8 25. Kh2 Nf6 26. e5 Nd7 27. Ref1 Qe7 28. h4
Nb6 29. c5 Nd7 30. Bc1 Rf8 31. Rxf8+ Nxf8 32. b4 Nd7 33. Bg5 Qe8 34. b5 Ra5 35.
Rb1 Ra8 36. Bh3 Nf8 37. bxc6 Qxc6 38. Rb6 Qd7 39. Qb2 Ra7 40. Rd6 Qf7 41. Qd2
Ra8 42. Qf4 Qe8 43. Rb6 Ra7 44. Bg4 h5 45. Bh3 Kh7 46. Qf1 Kg8 47. Qf3 Kh7 48.
Rd6 Ra8 49. Bf1 Kg8 50. Rb6 Ra7 51. Bd3 Kh8 52. Bb5 Nd7 53. Qf1 Bf8 54. Bxd7
1-0

[Event "I. CLANSKA LIGA ZAHOD 2025"]
[Site "Komenda"]
[Date "2025.10.10"]
[Round "4.2"]
[White "Jakob, Matthias"]
[Black "Zamar Kodelja, Jurij"]
[Result "1/2-1/2"]
[WhiteElo "1996"]
[BlackElo "2232"]
[PlyCount "51"]
[EventDate "2025.09.26"]
[WhiteTeam "SK TRZIN"]
[BlackTeam "SK NOVA GORICA"]

1. e4 c5 2. Nf3 d6 3. d4 cxd4 4. Nxd4 Nf6 5. Nc3 g6 6. Be3 Bg7 7. f3 O-O 8. Qd2
Nc6 9. O-O-O d5 10. exd5 Nxd5 11. Nxc6 bxc6 12. Bd4 e5 13. Bc5 Be6 14. Ne4 Re8
15. h4 h6 16. g4 Qc7 17. g5 h5 18. Bc4 Red8 19. Qf2 Rd7 20. Rd2 Rad8 21. Rhd1
Kh7 22. Bb3 Bf5 23. Ng3 Be6 24. Ne4 Bf5 25. Ng3 Be6 26. Ne4 1/2-1/2